000 00442 a2200169 4500
020 _a8121902592
022 _a8121902592
040 _aDLC
082 _a621.381
100 _aTheraja, B.L
245 _aBasic Electronics: Soild State
_hB.L.Tehraja
260 _aNew Delhi :
_bS Chand & Company Ltd.,
_c1998.
300 _axvii, 636 p. :
_b ill. ;
_c24 cm.
500 _aIncludes Index
650 _aElectronics
942 _cBK
_k621.381 THE
_2ddc
999 _c4572
_d4572